[Event "Madrid-chT 2122"]
[Site "Madrid"]
[Date "2021.12.18"]
[Round "3.5"]
[White "Lopez del Alamo, Antonio"]
[Black "Hidalgo Duque, Carlos"]
[Result "0-1"]
[WhiteElo "2275"]
[BlackElo "2259"]
[PlyCount "122"]
[EventDate "2021.11.27"]
[EventType "team-tourn"]
[EventRounds "14"]
[EventCountry "ESP"]
[SourceTitle "Ajedrez en Madrid"]
[Source "lmi"]
[SourceDate "2021.11.28"]
[SourceVersion "1"]
[SourceVersionDate "2022.03.28"]
[SourceQuality "1"]
[WhiteTeam "Villalba 64"]
[BlackTeam "Blanco y Negro"]
[WhiteTeamCountry "ESP"]
[BlackTeamCountry "ESP"]

1. e4 c5 2. Nf3 d6 3. d4 cxd4 4. Nxd4 Nf6 5. Nc3 a6 6. Be2 e6 7. O-O Be7 8. f4
O-O 9. Kh1 Nc6 10. Be3 Bd7 11. Qe1 Nxd4 12. Bxd4 Bc6 13. Qg3 b5 14. a3 Qd7 15.
Rae1 a5 16. Bd3 b4 17. Nd1 g6 18. Nf2 Rad8 19. Bxf6 Bxf6 20. Ng4 Bxb2 21. f5
exf5 22. exf5 Rde8 23. axb4 axb4 24. Rxe8 Qxe8 25. Qxd6 Qa8 26. Qg3 Be4 27.
Bxe4 Qxe4 28. Qh4 Qe2 29. Re1 Qxc2 30. f6 h5 31. Nh6+ Kh7 32. Qxb4 Qc3 33. Qe7
Ba3 34. Re3 Bxe7 35. Rxc3 Bd8 36. Nxf7 Rxf7 37. g4 Bxf6 38. Rf3 hxg4 39. Rf4 g5
40. Rxg4 Kg6 41. Ra4 Kf5 42. Kg2 Rb7 43. Ra5+ Be5 44. h3 Rb2+ 45. Kg1 Kf4 46.
Ra4+ Kf5 47. Ra5 Rb3 48. h4 g4 49. Ra4 Rh3 50. h5 Rxh5 51. Kg2 Rh2+ 52. Kg1 Rb2
53. Rc4 Kg5 54. Rc5 Kf4 55. Rd5 Ke4 56. Rd1 Bd4+ 57. Kh1 Be5 58. Kg1 Bf4 59.
Kh1 g3 60. Re1+ Kf3 61. Re3+ Kxe3 0-1

[Event "Madrid-chT 2122"]
[Site "Madrid"]
[Date "2021.12.18"]
[Round "3.6"]
[White "Balbuena Fuentes, Mario"]
[Black "Perdomo Araujo, Angel Eduardo"]
[Result "1-0"]
[WhiteElo "2221"]
[BlackElo "2086"]
[PlyCount "75"]
[EventDate "2021.11.27"]
[EventType "team-tourn"]
[EventRounds "14"]
[EventCountry "ESP"]
[SourceTitle "Ajedrez en Madrid"]
[Source "lmi"]
[SourceDate "2021.11.28"]
[SourceVersion "1"]
[SourceVersionDate "2022.03.28"]
[SourceQuality "1"]
[WhiteTeam "Blanco y Negro"]
[BlackTeam "Villalba 64"]
[WhiteTeamCountry "ESP"]
[BlackTeamCountry "ESP"]

1. e4 d5 2. exd5 Qxd5 3. Nc3 Qd6 4. d4 Nf6 5. Nf3 c6 6. Ne5 Nbd7 7. Bf4 Nxe5 8.
Bxe5 Qd8 9. h3 Be6 10. Be2 g6 11. O-O Bg7 12. Na4 b6 13. c4 O-O 14. Nc3 Rc8 15.
a4 a6 16. Qd2 Ne8 17. Bxg7 Kxg7 18. Rfd1 Nf6 19. Qe3 Qc7 20. Rd2 Rfe8 21. b4
Rcd8 22. Rad1 Bc8 23. Qe5 Qd6 24. c5 bxc5 25. bxc5 Qd7 26. d5 Qa7 27. dxc6 Rxd2
28. Rxd2 Kg8 29. Rb2 Rd8 30. Rb8 h5 31. Bf3 Re8 32. a5 Be6 33. Rb7 Qa8 34. c7
Qc8 35. c6 Bf5 36. Bd5 Bd3 37. Rb8 Qf5 38. Qxe7 1-0

[Event "Madrid-chT 2122"]
[Site "Madrid"]
[Date "2021.12.19"]
[Round "3.1"]
[White "Corral Blanco, Juan Antonio"]
[Black "Ingunza Curro, Andres"]
[Result "1/2-1/2"]
[WhiteElo "2421"]
[BlackElo "2382"]
[PlyCount "40"]
[EventDate "2021.11.27"]
[EventType "team-tourn"]
[EventRounds "14"]
[EventCountry "ESP"]
[SourceTitle "Ajedrez en Madrid"]
[Source "lmi"]
[SourceDate "2021.11.28"]
[SourceVersion "1"]
[SourceVersionDate "2022.03.28"]
[SourceQuality "1"]
[WhiteTeam "La Didactica"]
[BlackTeam "Tajamar"]
[WhiteTeamCountry "ESP"]
[BlackTeamCountry "ESP"]

1. d4 Nf6 2. c4 e6 3. Nf3 d5 4. Nc3 dxc4 5. e3 a6 6. Bxc4 b5 7. Be2 Bb7 8. O-O
Nbd7 9. b3 c5 10. Bb2 Bd6 11. dxc5 Bxc5 12. Rc1 Qb6 13. a4 b4 14. Nb1 O-O 15.
Nbd2 Rfd8 16. Nc4 Qa7 17. Qc2 Be4 18. Bd3 Bxd3 19. Qxd3 Ne5 20. Qe2 Nd3 1/2-1/2

[Event "Madrid-chT 2122"]
[Site "Madrid"]
[Date "2021.12.19"]
[Round "3.2"]
[White "Elissalt Cardenas, Hector"]
[Black "Arriaga Lugo, Ricardo"]
[Result "1-0"]
[WhiteElo "2290"]
[BlackElo "2216"]
[PlyCount "67"]
[EventDate "2021.11.27"]
[EventType "team-tourn"]
[EventRounds "14"]
[EventCountry "ESP"]
[SourceTitle "Ajedrez en Madrid"]
[Source "lmi"]
[SourceDate "2021.11.28"]
[SourceVersion "1"]
[SourceVersionDate "2022.03.28"]
[SourceQuality "1"]
[WhiteTeam "Tajamar"]
[BlackTeam "La Didactica"]
[WhiteTeamCountry "ESP"]
[BlackTeamCountry "ESP"]

1. d4 Nf6 2. c4 e6 3. Nc3 Bb4 4. e3 d5 5. a3 Bxc3+ 6. bxc3 c5 7. cxd5 exd5 8.
Bd3 O-O 9. f3 Re8 10. Ne2 Nc6 11. O-O h6 12. Ng3 b6 13. a4 Bd7 14. Re1 cxd4 15.
cxd4 Nb4 16. Bb1 a5 17. e4 dxe4 18. fxe4 Bg4 19. Qd2 Qc7 20. Ra3 Rac8 21. Bb2
Qe7 22. Rf1 Rc4 23. d5 Nh7 24. h3 Bc8 25. d6 Qb7 26. Bxg7 Kxg7 27. Nh5+ Kh8 28.
Qb2+ f6 29. Rxf6 Nxf6 30. Qxf6+ Kh7 31. e5+ Rc2 32. Rg3 Rg8 33. Bxc2+ Nxc2 34.
Qf5+ 1-0

[Event "Madrid-chT 2122"]
[Site "Madrid"]
[Date "2021.12.19"]
[Round "3.3"]
[White "Rodriguez Lapetra, Pablo"]
[Black "Mkrtchyan, Levon"]
[Result "0-1"]
[WhiteElo "2159"]
[BlackElo "2259"]
[PlyCount "78"]
[EventDate "2021.11.27"]
[EventType "team-tourn"]
[EventRounds "14"]
[EventCountry "ESP"]
[SourceTitle "Ajedrez en Madrid"]
[Source "lmi"]
[SourceDate "2021.11.28"]
[SourceVersion "1"]
[SourceVersionDate "2022.03.28"]
[SourceQuality "1"]
[WhiteTeam "La Didactica"]
[BlackTeam "Tajamar"]
[WhiteTeamCountry "ESP"]
[BlackTeamCountry "ESP"]

1. e4 e6 2. d4 d5 3. e5 c5 4. c3 Nc6 5. Nf3 Nge7 6. a3 Nf5 7. b4 cxd4 8. cxd4
Bd7 9. Bb2 b5 10. Nbd2 a5 11. Bxb5 axb4 12. a4 Na5 13. Bd3 Be7 14. O-O O-O 15.
Qe2 Qb6 16. g4 Nh6 17. Ne1 f6 18. Ng2 Rac8 19. Kh1 f5 20. h3 f4 21. Nf3 g5 22.
Rfb1 Nf7 23. Bc2 Nh8 24. h4 gxh4 25. Ngxh4 Be8 26. Kg2 Ng6 27. Nxg6 Bxg6 28.
Bxg6 hxg6 29. Qd3 Kg7 30. Bc1 Qc7 31. Bd2 Qc4 32. Ng1 Nc6 33. a5 f3+ 34. Kg3
Nxd4 35. Qxc4 dxc4 36. g5 c3 37. Be3 Ne2+ 38. Kg4 Rc4+ 39. Kh3 Rh8# 0-1

[Event "Madrid-chT 2122"]
[Site "Madrid"]
[Date "2021.12.19"]
[Round "3.5"]
[White "Merayo Lopez, Abraham"]
[Black "Sahuquillo Cruz, Alejandro"]
[Result "1-0"]
[WhiteElo "2029"]
[BlackElo "2029"]
[PlyCount "107"]
[EventDate "2021.11.27"]
[EventType "team-tourn"]
[EventRounds "14"]
[EventCountry "ESP"]
[SourceTitle "Ajedrez en Madrid"]
[Source "lmi"]
[SourceDate "2021.11.28"]
[SourceVersion "1"]
[SourceVersionDate "2022.03.28"]
[SourceQuality "1"]
[WhiteTeam "La Didactica"]
[BlackTeam "Tajamar"]
[WhiteTeamCountry "ESP"]
[BlackTeamCountry "ESP"]

1. d4 Nf6 2. c4 e6 3. Nf3 d5 4. Nc3 Be7 5. Bg5 h6 6. Bxf6 Bxf6 7. cxd5 exd5 8.
e3 O-O 9. Bd3 b6 10. O-O c5 11. dxc5 Bxc3 12. bxc3 bxc5 13. c4 Bb7 14. Rb1 Bc6
15. Ne5 dxc4 16. Bxc4 Qg5 17. Nxc6 Nxc6 18. Qd5 Rac8 19. Rb7 Qxd5 20. Bxd5 Nb4
21. Bc4 Nc6 22. Rc1 Na5 23. Rxa7 Nxc4 24. Rxc4 Rfd8 25. g4 g5 26. a4 Rd1+ 27.
Kg2 Rd2 28. Ra5 Ra2 29. Kg3 Kg7 30. Ra6 Rc7 31. h3 Ra1 32. h4 gxh4+ 33. Kxh4
Rf1 34. Kg3 Ra1 35. f3 Rb1 36. e4 Rb3 37. e5 Rb1 38. Kf4 Rb4 39. Rxb4 cxb4 40.
Rb6 b3 41. Kf5 Ra7 42. Rxb3 Rxa4 43. Rb7 Ra6 44. Rd7 Rb6 45. f4 Ra6 46. Ke4
Ra4+ 47. Rd4 Ra6 48. f5 Ra1 49. Kd5 Ra5+ 50. Kd6 Ra6+ 51. Ke7 Ra7+ 52. Rd7 Ra6
53. e6 fxe6 54. f6+ 1-0

[Event "Madrid-chT 2122"]
[Site "Madrid"]
[Date "2021.12.19"]
[Round "3.6"]
[White "Martinez Aragon, Aitor"]
[Black "Rebollo Palos, Isaac"]
[Result "1/2-1/2"]
[WhiteElo "2008"]
[BlackElo "1942"]
[PlyCount "68"]
[EventDate "2021.11.27"]
[EventType "team-tourn"]
[EventRounds "14"]
[EventCountry "ESP"]
[SourceTitle "Ajedrez en Madrid"]
[Source "lmi"]
[SourceDate "2021.11.28"]
[SourceVersion "1"]
[SourceVersionDate "2022.03.28"]
[SourceQuality "1"]
[WhiteTeam "Tajamar"]
[BlackTeam "La Didactica"]
[WhiteTeamCountry "ESP"]
[BlackTeamCountry "ESP"]

1. Nf3 d5 2. b3 Nf6 3. Bb2 c5 4. e3 Nc6 5. Bb5 Bd7 6. O-O e6 7. Bxc6 Bxc6 8.
Ne5 Rc8 9. d3 Be7 10. Nd2 O-O 11. Nxc6 Rxc6 12. f4 b5 13. Nf3 Rc8 14. Qe2 c4
15. Bd4 Bc5 16. Bxc5 Rxc5 17. b4 Rc7 18. Nd4 Qd7 19. Rfb1 Ne8 20. a4 a6 21.
axb5 axb5 22. Ra6 Rb7 23. Rba1 Nd6 24. Qe1 f6 25. Ra8 Rfb8 26. Qg3 Nf5 27. Nxf5
exf5 28. Qf3 h6 29. h3 Kh7 30. Kh2 cxd3 31. cxd3 Rxa8 32. Rxa8 Qe6 33. Rd8 Rd7
34. Rxd7 Qxd7 1/2-1/2

[Event "Madrid-chT 2122"]
[Site "Madrid"]
[Date "2021.12.18"]
[Round "3.1"]
[White "Espinosa Aranda, Angel"]
[Black "Reyes Larena, Juan"]
[Result "1/2-1/2"]
[WhiteElo "2466"]
[BlackElo "2445"]
[PlyCount "65"]
[EventDate "2021.11.27"]
[EventType "team-tourn"]
[EventRounds "14"]
[EventCountry "ESP"]
[SourceTitle "Ajedrez en Madrid"]
[Source "lmi"]
[SourceDate "2021.11.28"]
[SourceVersion "1"]
[SourceVersionDate "2022.03.28"]
[SourceQuality "1"]
[WhiteTeam "Virgen de Atocha"]
[BlackTeam "San Sebastian de los Reyes"]
[WhiteTeamCountry "ESP"]
[BlackTeamCountry "ESP"]

1. e4 e5 2. Nf3 Nc6 3. Bb5 Bc5 4. O-O Qf6 5. d3 h6 6. Bxc6 dxc6 7. Be3 Bd6 8.
Nbd2 Ne7 9. d4 Bg4 10. h3 Bxf3 11. Qxf3 Qxf3 12. Nxf3 f6 13. Rad1 O-O 14. Rd3
Rfe8 15. dxe5 fxe5 16. Nd2 a5 17. Nc4 Nc8 18. Rfd1 a4 19. Bc1 Re6 20. g3 b5 21.
Ne3 g6 22. Ng4 h5 23. Nh2 Nb6 24. Nf3 Rf8 25. Kg2 Nd7 26. Rc3 c5 27. Ng5 Ref6
28. Rf3 Rxf3 29. Nxf3 Nf6 30. Ng5 Re8 31. Be3 c4 32. f3 b4 33. h4 1/2-1/2

[Event "Madrid-chT 2122"]
[Site "Madrid"]
[Date "2021.12.18"]
[Round "3.2"]
[White "Alfaya Marcelo, Roberto"]
[Black "Rubio Mejia, Luis Ignacio"]
[Result "1-0"]
[WhiteElo "2194"]
[BlackElo "2416"]
[PlyCount "151"]
[EventDate "2021.11.27"]
[EventType "team-tourn"]
[EventRounds "14"]
[EventCountry "ESP"]
[SourceTitle "Ajedrez en Madrid"]
[Source "lmi"]
[SourceDate "2021.11.28"]
[SourceVersion "1"]
[SourceVersionDate "2022.03.28"]
[SourceQuality "1"]
[WhiteTeam "San Sebastian de los Reyes"]
[BlackTeam "Virgen de Atocha"]
[WhiteTeamCountry "ESP"]
[BlackTeamCountry "ESP"]

1. c4 e5 2. Nc3 Nc6 3. g3 Bc5 4. Bg2 d6 5. e3 a6 6. Nge2 Ba7 7. O-O h5 8. d4 h4
9. c5 hxg3 10. fxg3 dxc5 11. Bxc6+ bxc6 12. dxe5 Bh3 13. Qxd8+ Rxd8 14. Rd1 Rb8
15. Ne4 Bg4 16. Re1 Rh5 17. Nd2 Rxe5 18. Nc4 Re6 19. Nf4 Re4 20. b3 Ne7 21. Nd3
Bd7 22. Ba3 Rb5 23. Kg2 f6 24. Kf3 Re6 25. Nf4 Rd6 26. Nxd6+ cxd6 27. Red1 Bb8
28. e4 Ng8 29. g4 Nh6 30. h3 Nf7 31. Ke3 Ba7 32. Ke2 Bb8 33. Nh5 Kf8 34. Ke3
Ba7 35. Ke2 Bb8 36. Rdc1 Ng5 37. Ng3 Nxh3 38. Nf5 Ng5 39. Rc4 Be6 40. Ra4 a5
41. Rd1 Nf7 42. Rh1 Bc7 43. Ne3 Kg8 44. Nf5 Kf8 45. Rh7 g6 46. Ne3 Kg8 47. Rh1
d5 48. exd5 cxd5 49. Rg1 Be5 50. Bc1 Ng5 51. Bd2 Bc7 52. Be1 Ne4 53. Nd1 d4 54.
Kd3 Nd6 55. Nb2 Kf7 56. Bd2 g5 57. Nc4 Nxc4 58. bxc4 Rb7 59. Ra3 Bd7 60. Bxa5
Be5 61. Bd2 Kg6 62. Ra5 Bd6 63. Ra6 Be7 64. a4 Bd8 65. a5 Bc7 66. Rg2 Kg7 67.
Rg1 Be8 68. Re1 Bg6+ 69. Ke2 Bg3 70. Rf1 d3+ 71. Kf3 Be5 72. Rb6 Rd7 73. a6 Rd4
74. Rc1 Re4 75. Rb7+ Kg8 76. a7 1-0

[Event "Madrid-chT 2122"]
[Site "Madrid"]
[Date "2021.12.18"]
[Round "3.3"]
[White "Almagro Llamas, Pablo"]
[Black "Martinez Fernandez, Raul"]
[Result "1/2-1/2"]
[WhiteElo "2405"]
[BlackElo "2203"]
[PlyCount "89"]
[EventDate "2021.11.27"]
[EventType "team-tourn"]
[EventRounds "14"]
[EventCountry "ESP"]
[SourceTitle "Ajedrez en Madrid"]
[Source "lmi"]
[SourceDate "2021.11.28"]
[SourceVersion "1"]
[SourceVersionDate "2022.03.28"]
[SourceQuality "1"]
[WhiteTeam "Virgen de Atocha"]
[BlackTeam "San Sebastian de los Reyes"]
[WhiteTeamCountry "ESP"]
[BlackTeamCountry "ESP"]

1. c4 e6 2. d4 d5 3. Nf3 c5 4. cxd5 exd5 5. g3 Nc6 6. Bg2 Nf6 7. O-O Be7 8.
dxc5 Bxc5 9. a3 a5 10. Nc3 O-O 11. Bg5 d4 12. Na4 Ba7 13. Rc1 h6 14. Bf4 Re8
15. Ne1 Bg4 16. Bf3 Bxf3 17. exf3 Nd5 18. Ng2 g5 19. Bd2 Ne3 20. fxe3 dxe3 21.
Bxe3 Bxe3+ 22. Nxe3 Rxe3 23. Qxd8+ Rxd8 24. Rf2 Ne5 25. Rcf1 Rdd3 26. Kg2 g4
27. fxg4 Nxg4 28. Rxf7 Rd2+ 29. Kh3 h5 30. Kh4 Rxh2+ 31. Kg5 Ne5 32. Rxb7 Rxg3+
33. Kf4 Rg4+ 34. Kxe5 Rxa4 35. Rc1 Re2+ 36. Kf6 Rf4+ 37. Kg6 Rg2+ 38. Kxh5 Rf7
39. Rc8+ Kg7 40. Rxf7+ Kxf7 41. Rb8 Ke6 42. a4 Kd5 43. b3 Kd4 44. Rb5 Kc3 45.
Rxa5 1/2-1/2

[Event "Madrid-chT 2122"]
[Site "Madrid"]
[Date "2021.12.18"]
[Round "3.4"]
[White "Reyes Peñas, Sebastian"]
[Black "Martinez Martin, David"]
[Result "0-1"]
[WhiteElo "2162"]
[BlackElo "2379"]
[PlyCount "108"]
[EventDate "2021.11.27"]
[EventType "team-tourn"]
[EventRounds "14"]
[EventCountry "ESP"]
[SourceTitle "Ajedrez en Madrid"]
[Source "lmi"]
[SourceDate "2021.11.28"]
[SourceVersion "1"]
[SourceVersionDate "2022.03.28"]
[SourceQuality "1"]
[WhiteTeam "San Sebastian de los Reyes"]
[BlackTeam "Virgen de Atocha"]
[WhiteTeamCountry "ESP"]
[BlackTeamCountry "ESP"]

1. e4 c5 2. Nf3 d6 3. d4 cxd4 4. Nxd4 Nf6 5. Nc3 Nc6 6. g3 g6 7. Nde2 Bg7 8.
Bg2 O-O 9. O-O Rb8 10. a4 a6 11. Nd5 Nd7 12. c3 b5 13. axb5 Rxb5 14. Nd4 Nxd4
15. cxd4 Nb6 16. Ne3 a5 17. Re1 a4 18. Bf1 Rb4 19. Nc2 Rb3 20. Ra3 Rxa3 21.
bxa3 e6 22. Bd2 Qc7 23. Ba5 Qa7 24. Qd2 d5 25. Qb4 Nc4 26. Bxc4 dxc4 27. Bb6
Qa8 28. Qxc4 Bb7 29. f3 Rc8 30. Bc5 e5 31. Qb4 exd4 32. Nxd4 Qa6 33. Nb5 Ba8
34. Nd6 Rd8 35. Nc4 Qc6 36. Qb6 Rc8 37. Be3 Qxc4 38. Rd1 Qc6 39. Rd8+ Rxd8 40.
Qxd8+ Bf8 41. Bh6 Qc5+ 42. Kg2 Bc6 43. Qb8 Bxe4 44. Qxf8+ Qxf8 45. Bxf8 Bxf3+
46. Kxf3 Kxf8 47. Ke4 Ke7 48. Kd5 f5 49. Ke5 Kf7 50. h4 Ke7 51. h5 Kf7 52.
hxg6+ hxg6 53. g4 fxg4 54. Kf4 Ke6 0-1

[Event "Madrid-chT 2122"]
[Site "Madrid"]
[Date "2021.12.18"]
[Round "3.5"]
[White "Vallejo Diaz, Jesus"]
[Black "Hernandez Ramos, David"]
[Result "0-1"]
[WhiteElo "2234"]
[BlackElo "2090"]
[PlyCount "119"]
[EventDate "2021.11.27"]
[EventType "team-tourn"]
[EventRounds "14"]
[EventCountry "ESP"]
[SourceTitle "Ajedrez en Madrid"]
[Source "lmi"]
[SourceDate "2021.11.28"]
[SourceVersion "1"]
[SourceVersionDate "2022.03.28"]
[SourceQuality "1"]
[WhiteTeam "Virgen de Atocha"]
[BlackTeam "San Sebastian de los Reyes"]
[WhiteTeamCountry "ESP"]
[BlackTeamCountry "ESP"]

1. e4 e6 2. d4 d5 3. Nd2 c5 4. exd5 Qxd5 5. Ngf3 cxd4 6. Bc4 Qd7 7. O-O Nc6 8.
Nb3 a6 9. Nbxd4 Nxd4 10. Nxd4 b5 11. Bb3 Bb7 12. Re1 Rd8 13. c3 Bd5 14. a4 b4
15. a5 Bxb3 16. Qxb3 Be7 17. Qc4 Qb7 18. Be3 Rc8 19. Qb3 Nf6 20. Qa4+ Qd7 21.
cxb4 Qxa4 22. Rxa4 Rc4 23. Rc1 Rxc1+ 24. Bxc1 Kd7 25. b5 Rc8 26. Be3 e5 27. Nf3
axb5 28. Ra1 Bd6 29. Rd1 Ke7 30. a6 Nd7 31. a7 f6 32. Kf1 Ke6 33. Ra1 Ra8 34.
Ra6 Kd5 35. Ke2 Nc5 36. Ra5 Kc6 37. Nd2 Bc7 38. Ra1 Bb6 39. Rc1 Kd5 40. b4 Na4
41. Bxb6 Nxb6 42. Rc7 Nc8 43. Kd3 Kd6 44. Rxg7 Rxa7 45. Ne4+ Ke6 46. Nc5+ Kd5
47. Rg8 Ra3+ 48. Ke2 Ne7 49. Rb8 Nc6 50. Rb7 Nd4+ 51. Kd2 Kc4 52. Ne4 Ra2+ 53.
Kc1 Kxb4 54. Nxf6 Rxf2 55. Nxh7 Rxg2 56. h4 Rh2 57. Re7 Rxh4 58. Ng5 Kc3 59.
Kb1 b4 60. Rxe5 0-1

[Event "Madrid-chT 2122"]
[Site "Madrid"]
[Date "2021.12.18"]
[Round "3.6"]
[White "Hernandez Ramos, Alberto"]
[Black "Rey Martinez, Jaime"]
[Result "1-0"]
[WhiteElo "2084"]
[BlackElo "2061"]
[PlyCount "41"]
[EventDate "2021.11.27"]
[EventType "team-tourn"]
[EventRounds "14"]
[EventCountry "ESP"]
[SourceTitle "Ajedrez en Madrid"]
[Source "lmi"]
[SourceDate "2021.11.28"]
[SourceVersion "1"]
[SourceVersionDate "2022.03.28"]
[SourceQuality "1"]
[WhiteTeam "San Sebastian de los Reyes"]
[BlackTeam "Virgen de Atocha"]
[WhiteTeamCountry "ESP"]
[BlackTeamCountry "ESP"]

1. e4 c5 2. Nf3 Nc6 3. d4 cxd4 4. Nxd4 Nf6 5. Nc3 e6 6. Bg5 Bb4 7. Nxc6 bxc6 8.
Qd4 c5 9. Qe3 h6 10. Bxf6 Qxf6 11. e5 Qd8 12. O-O-O Rb8 13. Ne4 O-O 14. c3 Ba5
15. Bd3 Bb7 16. Bb1 Qb6 17. Nf6+ gxf6 18. exf6 Be4 19. Rd2 Bxc3 20. Qxe4 Bxd2+
21. Kd1 1-0

[Event "Madrid-chT 2122"]
[Site "Madrid"]
[Date "2021.12.19"]
[Round "3.1"]
[White "Candela Perez, Jose"]
[Black "Vazquez Igarza, Renier"]
[Result "1/2-1/2"]
[WhiteElo "2330"]
[BlackElo "2532"]
[PlyCount "65"]
[EventDate "2021.11.27"]
[EventType "team-tourn"]
[EventRounds "14"]
[EventCountry "ESP"]
[SourceTitle "Ajedrez en Madrid"]
[Source "lmi"]
[SourceDate "2021.11.28"]
[SourceVersion "1"]
[SourceVersionDate "2022.03.28"]
[SourceQuality "1"]
[WhiteTeam "Alcala de Henares"]
[BlackTeam "Collado Villalba"]
[WhiteTeamCountry "ESP"]
[BlackTeamCountry "ESP"]

1. d4 Nf6 2. c4 e6 3. Nc3 Bb4 4. Qc2 d5 5. cxd5 exd5 6. Bg5 h6 7. Bxf6 Qxf6 8.
e3 O-O 9. a3 Bf5 10. Bd3 Bxc3+ 11. Qxc3 Bxd3 12. Qxd3 Nd7 13. Ne2 a5 14. Nc3 c6
15. b3 Nb6 16. Na4 Nc8 17. O-O Qe7 18. Qc2 Re8 19. Nc5 Nd6 20. a4 Qg5 21. Rfb1
Rac8 22. b4 b6 23. Nd3 axb4 24. Rxb4 c5 25. dxc5 bxc5 26. Nxc5 Nc4 27. Rb5 Qe7
28. Nb3 Na3 29. Qd2 Nxb5 30. axb5 Qc7 31. Nd4 Qc5 32. h4 h5 33. Qd1 1/2-1/2

[Event "Madrid-chT 2122"]
[Site "Madrid"]
[Date "2021.12.19"]
[Round "3.2"]
[White "Martin Duque, Jesus"]
[Black "Moreno Ibañez, Miguel"]
[Result "0-1"]
[WhiteElo "2416"]
[BlackElo "2268"]
[PlyCount "112"]
[EventDate "2021.11.27"]
[EventType "team-tourn"]
[EventRounds "14"]
[EventCountry "ESP"]
[SourceTitle "Ajedrez en Madrid"]
[Source "lmi"]
[SourceDate "2021.11.28"]
[SourceVersion "1"]
[SourceVersionDate "2022.03.28"]
[SourceQuality "1"]
[WhiteTeam "Collado Villalba"]
[BlackTeam "Alcala de Henares"]
[WhiteTeamCountry "ESP"]
[BlackTeamCountry "ESP"]

1. Nf3 g6 2. e4 Bg7 3. d4 d6 4. Nc3 Nf6 5. Be3 a6 6. Qd2 b5 7. Bh6 Bxh6 8. Qxh6
b4 9. Nd5 Nxd5 10. exd5 Nd7 11. Qg7 Rf8 12. a3 b3 13. c4 Nf6 14. Qh6 Bg4 15.
Nd2 Qd7 16. Qe3 Rb8 17. Bd3 Bf5 18. O-O Bxd3 19. Qxd3 Qf5 20. Qc3 Nh5 21. g3
Nf6 22. Rae1 h5 23. Qe3 Qd7 24. Nxb3 Rh8 25. Na5 Kf8 26. Nc6 Rxb2 27. Qxe7+
Qxe7 28. Rxe7 Rc2 29. Rxc7 Rxc4 30. Ra7 Nxd5 31. Nd8 Rc7 32. Rxc7 Nxc7 33. Rc1
Nb5 34. a4 Nxd4 35. Rc8 Rh7 36. Ra8 h4 37. Rxa6 h3 38. Rxd6 Nf3+ 39. Kh1 Rh5
40. Rd1 Re5 41. Nc6 Re2 42. Rf1 Nd2 43. Ra1 Rxf2 44. Nd4 Nc4 45. Kg1 Rd2 46.
Nf3 Rg2+ 47. Kh1 Ne3 48. Ng5 Ng4 49. Nxh3 Rxh2+ 50. Kg1 Rxh3 51. Ra3 Ke7 52. a5
Rh8 53. a6 Ne5 54. a7 Ra8 55. Kg2 Nc6 56. Ra6 Kd6 0-1

[Event "Madrid-chT 2122"]
[Site "Madrid"]
[Date "2021.12.19"]
[Round "3.3"]
[White "Fernandez Lledo, Javier"]
[Black "Lianes Garcia, Marcos"]
[Result "0-1"]
[WhiteElo "2261"]
[BlackElo "2409"]
[PlyCount "50"]
[EventDate "2021.11.27"]
[EventType "team-tourn"]
[EventRounds "14"]
[EventCountry "ESP"]
[SourceTitle "Ajedrez en Madrid"]
[Source "lmi"]
[SourceDate "2021.11.28"]
[SourceVersion "1"]
[SourceVersionDate "2022.03.28"]
[SourceQuality "1"]
[WhiteTeam "Alcala de Henares"]
[BlackTeam "Collado Villalba"]
[WhiteTeamCountry "ESP"]
[BlackTeamCountry "ESP"]

1. d4 Nf6 2. Nc3 d5 3. Bg5 Nbd7 4. Qd3 g6 5. f3 Bg7 6. e4 dxe4 7. fxe4 c5 8.
Nf3 O-O 9. e5 Ng4 10. h3 cxd4 11. hxg4 dxc3 12. Qxc3 Nxe5 13. Nxe5 Qd5 14. Bc4
Qe4+ 15. Be2 Bxe5 16. Qf3 Qb4+ 17. c3 Qxb2 18. Rc1 Be6 19. Qh3 h5 20. Qe3 f6
21. Bh6 Rfc8 22. Qe4 Bf7 23. Rxh5 Rxc3 24. Rb1 Qc2 25. Qxb7 Rb8 0-1

[Event "Madrid-chT 2122"]
[Site "Madrid"]
[Date "2021.12.19"]
[Round "3.4"]
[White "Quispe Arteaga, Gabriel"]
[Black "Palenciano Escolar, Adrian"]
[Result "1-0"]
[WhiteElo "2388"]
[BlackElo "2139"]
[PlyCount "85"]
[EventDate "2021.11.27"]
[EventType "team-tourn"]
[EventRounds "14"]
[EventCountry "ESP"]
[SourceTitle "Ajedrez en Madrid"]
[Source "lmi"]
[SourceDate "2021.11.28"]
[SourceVersion "1"]
[SourceVersionDate "2022.03.28"]
[SourceQuality "1"]
[WhiteTeam "Collado Villalba"]
[BlackTeam "Alcala de Henares"]
[WhiteTeamCountry "ESP"]
[BlackTeamCountry "ESP"]

1. d4 Nf6 2. c4 g6 3. Nf3 Bg7 4. e3 O-O 5. Be2 d6 6. O-O c5 7. Nc3 Nc6 8. d5
Ne5 9. Nxe5 dxe5 10. e4 e6 11. Bg5 h6 12. Bxf6 Qxf6 13. Bg4 Rd8 14. Qe2 Qg5 15.
Rad1 b6 16. dxe6 Bxe6 17. Bxe6 fxe6 18. g3 h5 19. h4 Qe7 20. Kg2 Bh6 21. Qc2
Kh7 22. Ne2 a6 23. Ng1 Rxd1 24. Rxd1 Rd8 25. Rxd8 Qxd8 26. Nf3 Qd6 27. Qa4 a5
28. Qe8 Kg7 29. Qc8 Bc1 30. Qe8 Bh6 31. Qa4 Kg8 32. Qc2 Bg7 33. Kf1 Kf8 34. Ke2
Ke8 35. Qa4+ Kf8 36. Qb5 Bh6 37. Qb3 Ke7 38. Qc3 Bg7 39. Qe3 Qc6 40. Qg5+ Kf7
41. Qxe5 Bf6 42. Qf4 Kg7 43. e5 1-0

[Event "Madrid-chT 2122"]
[Site "Madrid"]
[Date "2021.12.19"]
[Round "3.5"]
[White "Cubillo Muñoz, Miguel"]
[Black "Alonso Garcia, Aaron"]
[Result "0-1"]
[WhiteElo "2125"]
[BlackElo "2367"]
[PlyCount "44"]
[EventDate "2021.11.27"]
[EventType "team-tourn"]
[EventRounds "14"]
[EventCountry "ESP"]
[SourceTitle "Ajedrez en Madrid"]
[Source "lmi"]
[SourceDate "2021.11.28"]
[SourceVersion "1"]
[SourceVersionDate "2022.03.28"]
[SourceQuality "1"]
[WhiteTeam "Alcala de Henares"]
[BlackTeam "Collado Villalba"]
[WhiteTeamCountry "ESP"]
[BlackTeamCountry "ESP"]

1. e4 g6 2. d4 Bg7 3. f3 d5 4. e5 c5 5. c3 Nc6 6. Na3 cxd4 7. cxd4 Nh6 8. Bb5
O-O 9. Ne2 Nf5 10. Qa4 Qb6 11. Nc2 f6 12. f4 fxe5 13. fxe5 Nh4 14. Rg1 Bf5 15.
Ne3 Be4 16. Bd2 Rac8 17. Bxc6 Rxc6 18. Qa3 Bh6 19. Qxe7 Qxb2 20. Rc1 Nf5 21.
Qd7 Nxe3 22. Rxc6 Nxg2+ 0-1